000
00248nam a2200097Ia 4500
001
1159810
005
20250827011554.0
008
250824s9999 xx 000 0 und d
245
0
_a
KIPIR KIPIR KIPIRDAK
_c
JEARRE WİLLİS
260
_b
KETEBE YAYINLARI
999
_c
1159810
_d
1159810